| 000 | 01154cam a22003617a 4500 | ||
|---|---|---|---|
| 001 | 13384658 | ||
| 003 | OSt | ||
| 005 | 20140310184418.0 | ||
| 008 | 031027s2003 nyua 000 0 eng d | ||
| 010 | _a 2003273649 | ||
| 020 | _a0439441625 | ||
| 035 | _a(OCoLC)ocm52296481 | ||
| 040 |
_aLVC _cLVC _dDLC |
||
| 041 | 1 | _heng | |
| 042 | _alccopycat | ||
| 050 | 0 | 0 |
_aSB 413.D12 _b.C68 2003 |
| 100 | 1 |
_aCorwin, Judith Hoffman. _926540 |
|
| 245 | 1 | 0 |
_aBright yellow flower / _cby Judith Hoffman Corwin. |
| 260 |
_aNew York : _bScholastic, _c2003 |
||
| 300 |
_a1 v. (unpaged) : _bcol. ill. ; _c23 cm. |
||
| 490 | 1 | _aHello reader! Science. Level 1 | |
| 520 | _aDescribes everything in nature that nurtures a flower and helps it grow. | ||
| 521 | _aG1 | ||
| 526 | _c120 | ||
| 562 | _e1 | ||
| 650 | 0 |
_aDaffodils _vJuvenile literature. _926541 |
|
| 650 | 0 |
_aGarden ecology _vJuvenile literature. _926542 |
|
| 830 | 0 |
_aHello science reader! _nLevel 1. _926543 |
|
| 906 |
_a7 _bcbc _ccopycat _d3 _encip _f20 _gy-gencatlg |
||
| 942 |
_2lcc _cBK-SCHOLAS |
||
| 999 |
_c34189 _d34189 |
||